1358 1317 1194 1194 1640 1473 1576 1492 1990 1888 1495 1103 1222 1710 1195 1520 1791 1362 1637 1812 1467 1635 1081 1199 1332 1437 1431 1608 1138 1752 1790 1887 1108 1566 1805 1021 1662 1315 1784 1814 1601 1944 1791 1686 1868 1263 1709 1238 1398 1563 1182 1474 1241 1588 1304 1141 1652 1937 1636 1372 1059 1162 1785 1587 1205 1385 1735 1232 1650 1001 1220 1859 1227 1314 1418 1368 1321 1247 1932 1289 1985 1525 1535 1696 1576 1137 1840 1669 1792 1931 1669 1688 1830 1096 1769 1899 1060 1473 1179 BCNSPRNW ULIB Ver.6.0+V

เปลี่ยนเป็นภาษาไทย

Change to English
 แสดงรายละเอียดบรรณานุกรม
  กลับหน้าหลัก

Brief Record : Get Marc (ISO 2709) : E-mail record : QR code < ปิดหน้าต่าง
LEADER : 00000nam 2200000uu 4500
001    13399127004
003     ULIB
008    190927s2561||||th 000 0 tha d
020    ^a9786164413191
060  0 ^aWS113^bก726ค
100 0  ^aกุลยา ตันติผลาชีวะ
245 10 ^aคู่มือพ่อแม่ผู้ปกครองการจัดการเรียนรู้สำหรับเด็กปฐมวัยแบบโรงเรียน Home School. /^cกุลยา ตันติผลาชีวะ.
250    ^aพิมพ์ครั้งที่ 1
260    ^aกรุงเทพฯ :^bต้นกล้า,^c2561
300    ^a208 หน้า :^bภาพประกอบ ;^c26 ซม.
650  0 ^aการศึกษาปฐมวัย^xการมีส่วนร่วมของบิดามารดา
945    ^p195^l0^i006186
945    ^p195^l0^i006183
945    ^p195^l0^i006187
945    ^p195^l0^i006185
945    ^p195^l0^i006184
999    ^aประนอม เกษจรัล
รายการนี้ยังไม่มีแท็ก
คุณยังไม่ได้ล็อกอิน คุณสามารถมีกิจกรรมร่วมกับเว็บไซต์ได้ แต่ต้องล็อกอินก่อน ::
  ล็อกอิน

รายการสื่อสารสนเทศ

ลำดับที่ ประเภท เลขเรียก/บาร์โค้ด สถานที่ สถานะ
1. วิทยาศาสตร์การแพทย์ และสุขภาพ
หนังสือสำรอง
สถานะ=หนังสือสำรอง
WS113 ก726ค ฉ.1 
  Barcode: 006183
ห้องสมุดวิทยาเขตสวรรค์ประชารักษ์
►หนังสือทั่วไป
บนชั้น
2. วิทยาศาสตร์การแพทย์ และสุขภาพ
วิทยาศาสตร์การแพทย์ และสุขภาพ
WS113 ก726ค ฉ.2 
  Barcode: 006184
ห้องสมุดวิทยาเขตสวรรค์ประชารักษ์
►หนังสือทั่วไป
บนชั้น
3. วิทยาศาสตร์การแพทย์ และสุขภาพ
วิทยาศาสตร์การแพทย์ และสุขภาพ
WS113 ก726ค ฉ.3 
  Barcode: 006185
ห้องสมุดวิทยาเขตสวรรค์ประชารักษ์
►หนังสือทั่วไป
บนชั้น
4. วิทยาศาสตร์การแพทย์ และสุขภาพ
วิทยาศาสตร์การแพทย์ และสุขภาพ
WS113 ก726ค ฉ.4 
  Barcode: 006186
ห้องสมุดวิทยาเขตสวรรค์ประชารักษ์
►หนังสือทั่วไป
บนชั้น
5. วิทยาศาสตร์การแพทย์ และสุขภาพ
วิทยาศาสตร์การแพทย์ และสุขภาพ
WS113 ก726ค ฉ.5 
  Barcode: 006187
ห้องสมุดวิทยาเขตสวรรค์ประชารักษ์
►หนังสือทั่วไป
บนชั้น

BibComment


ยังไม่เคยถูกคอมเมนท์

คอมเมนท์ทรัพยากรรายการนี้
  คอมเมนท์: คู่มือพ่อแม่ผู้ป..


 Copyright 2026. Bcnsprnw @Library